Pre degree zoology / (Record no. 5698)
[ view plain ]
| 000 -LEADER | |
|---|---|
| fixed length control field | 00466cam a2200193ua 4500 |
| 041 ## - LANGUAGE CODE | |
| Language code of text/sound track or separate title | eng |
| 082 ## - DEWEY DECIMAL CLASSIFICATION NUMBER | |
| Classification number | 591 |
| Item number | ANA/PR |
| 100 ## - MAIN ENTRY--AUTHOR NAME | |
| Personal name | Ananthanarayanan, V . |
| 245 ## - TITLE STATEMENT | |
| Title | Pre degree zoology / |
| 250 ## - EDITION STATEMENT | |
| Edition statement | 1 / |
| 260 ## - PUBLICATION, DISTRIBUTION, ETC. (IMPRINT) | |
| Place of publication | Chennai : |
| Name of publisher | S.Viswanathan , |
| Year of publication | 1964. |
| 300 ## - PHYSICAL DESCRIPTION | |
| Number of Pages | 234 ; . |
| 700 1# - ADDED ENTRY--PERSONAL NAME | |
| Personal name | Parameswaran, R . |
| 942 ## - ADDED ENTRY ELEMENTS (KOHA) | |
| Koha item type | Books |
| Withdrawn status | Lost status | Damaged status | Home library | Current library | Date acquired | Cost, normal purchase price | Full call number | Accession Number | Koha item type |
|---|---|---|---|---|---|---|---|---|---|
| Withdrawn | KAUAET | KAUAET | 07/04/2012 | 4.50 | 591 | 7269 | Books | ||
| Withdrawn | Damaged | KAUAET | KAUAET | 23/06/2020 | 4.50 | 591 ANA/PR | 7268 | Books |
